000 01325cam a2200385 a 4500
001 9060116
003 USPCAS-E
005 20180118181415.0
006 m d
007 cr n
008 101022s2011 nyua sb 001 0 eng d
020 _a9781441981639
035 _a(WaSeSS)ssj0000508089
040 _aDLC
_cDLC
_dDLC
_dWaSeSS
042 _apcc
050 4 _aQC176
_b.H86 2011
050 4 _aQC176
082 0 0 _a530.41
_223
_bHUM-E 2011
100 1 _aHummel, Rolf E.,
_d1934-
210 1 0 _aElectronic properties of materials
245 1 0 _aElectronic properties of materials
_h[electronic resource] /
_cRolf E. Hummel.
250 _a4th ed.
260 _aNew York :
_bSpringer,
_cc2011.
502 _a0
504 _aIncludes bibliographical references and index.
506 _aLicense restrictions may limit access.
650 0 _aSolid-state physics.
650 0 _aEnergy-band theory of solids.
650 0 _aElectronics
_xMaterials.
650 0 _aElectrical engineering
_xMaterials.
773 0 _tSpringerLink ebooks - Chemistry and Materials Science (2011)
856 4 0 _uhttp://www.columbia.edu/cgi-bin/cul/resolve?clio9060116
_zFull text available from SpringerLink ebooks - Chemistry and Materials Science (2011)
910 _aLibrary of Congress record
942 _2ddc
_cBK
999 _c355830
_d355830